000 02815 a2200397 4500
001 OB-pur-136968
003 FrMaCLE
005 20251214082750.0
007 cu ||||||m||||
008 190714e||||||||xx |||||s|||||||||0|fr|d
020 _a978-2-7535-6927-0
024 7 _a10.4000/books.pur.136968
_2doi
040 _aFR-FrMaCLE
041 _afra
100 1 _aAmalou, Thierry
245 1 4 _aLes universités dans la ville :
_bXVIe-XVIIIe siècle /
_cThierry Amalou, Boris Noguès.
260 _aRennes :
_bPresses universitaires de Rennes,
_c2019.
300 _a254 p.
500 _aEbook
520 _a Envisager l’histoire de l’université à l’échelle de la ville est loin de constituer une évidence. En effet, les savoirs, les hommes ou les grades de l’université ne peuvent se laisser enfermer dans le cadre étroit d’une cité, comme en atteste l’intense circulation des hommes, des livres ou des idées. L’ambition de cet ouvrage est pourtant de réinscrire l’université de l’époque moderne dans son environnement immédiat, de rompre avec l’image d’une institution « hors-sol ». Après tout, les universités restent assimilées par leurs statuts aux autres métiers urbains, les rapports avec le reste de la population sont quotidiens et l’enseignement ou la délivrance des grades représentent une activité économique qui intéresse la ville entière. Ces traits généraux, valables dès le Moyen Âge, connaissent entre Renaissance et Lumières des transformations qui constituent l’objet de ce livre. Si l’université paraît de plus en dominée par la ville, de Paris à Édimbourg, d’Helmstedt à Leyde, de nouveaux usages animent les relations entre villes et universités. Professeurs et étudiants participent à l’introduction de nouveaux savoirs ou de nouvelles pratiques sociales. Ils ne manquent pas d’intervenir dans les débats politiques qui agitent les élites urbaines. La présence de l’université, partout défendue avec véhémence dans le cadre d’une concurrence sévère, renforce le capital symbolique des villes. À partir du choix central de l’échelle locale, l’ouvrage invite ainsi à revisiter les fonctions et la place de l’institution universitaire dans la ville à l’époque moderne.
540 _aOpenEdition Books License
_uhttps://www.openedition.org/12554
650 4 _aEducation
650 4 _aHistory
650 4 _auniversité
650 4 _aurbanisme
650 4 _aconnaissance
650 4 _ascience
650 4 _apouvoit
650 4 _aéducation
650 4 _aville
650 4 _aespace public
700 1 _aNoguès, Boris
760 0 _x2111-496X
776 _z978-2-7535-2230-5
856 4 _eAmalou, Thierry
_uhttps://books.openedition.org/pur/136968
_yLes universités dans la ville
999 _c11542
_d11542